[Event "Torneo Ciudad de Berazategui 2007"]
[Site "Berazategui ARG"]
[Date "2007.04.18"]
[Round "1.1"]
[White "Gimenez, Santiago"]
[Black "Felgaer, Ruben"]
[Result "0-1"]
[WhiteElo "2047"]
[BlackElo "2574"]
[PlyCount "92"]
[EventDate "2007.04.18"]
[EventType "swiss"]
[EventRounds "7"]
[EventCountry "ARG"]
[Source "lmi"]
[SourceDate "2007.04.19"]

1. c4 e5 2. g3 Nf6 3. Bg2 d5 4. cxd5 Nxd5 5. Nc3 Nb6 6. Nf3 Nc6 7. O-O Be7 8.
d3 O-O 9. a3 Be6 10. b4 f6 11. Bb2 a5 12. b5 Nd4 13. Nxd4 exd4 14. Na4 Qd7 15.
Bxb7 Qxb5 16. Nxb6 Rab8 17. Bd5 Bxd5 18. Nxd5 Qxd5 19. Qb1 Rb3 20. a4 Rfb8 21.
Qa2 h5 22. Bc1 c6 23. Bf4 R8b7 24. Rfc1 g5 25. Bd2 h4 26. Be1 h3 27. f3 g4 28.
Qc2 Rb2 29. Qxc6 Qxc6 30. Rxc6 Rxe2 31. Bf2 Rbb2 32. Rf1 gxf3 33. g4 Rbd2 34.
Rc8+ Kg7 35. Rc4 Rxd3 36. Rxd4 Rxd4 37. Bxd4 Rg2+ 38. Kh1 Rxg4 39. Rg1 Rg2 40.
Bb6 Kf7 41. Rf1 Bd6 42. Bg1 Ra2 43. Rxf3 Rxa4 44. Rxh3 Ra1 45. Kg2 Ra2+ 46. Kf3
Ra3+ 0-1

[Event "Torneo Ciudad de Berazategui 2007"]
[Site "Berazategui ARG"]
[Date "2007.04.18"]
[Round "1.2"]
[White "Rodriguez Vila, Andres"]
[Black "Sumic, Diego"]
[Result "1-0"]
[WhiteElo "2559"]
[BlackElo "2048"]
[PlyCount "53"]
[EventDate "2007.04.18"]
[EventType "swiss"]
[EventRounds "7"]
[EventCountry "ARG"]
[Source "lmi"]
[SourceDate "2007.04.19"]

1. d4 Nf6 2. Bg5 Ne4 3. Bf4 c5 4. f3 Qa5+ 5. c3 Nf6 6. d5 d6 7. Na3 b5 8. e4 a6
9. Nc2 g6 10. a4 Bg7 11. axb5 Qb6 12. Ne3 Nbd7 13. Nc4 Qb8 14. Na5 axb5 15. Nc6
Rxa1 16. Qxa1 Qb6 17. Qa8 Qa6 18. Qxa6 Bxa6 19. Kd2 Nh5 20. Be3 f5 21. Nh3 c4
22. exf5 gxf5 23. Be2 Nc5 24. Bxc5 dxc5 25. f4 Nf6 26. Bf3 Bh6 27. Re1 1-0

[Event "Torneo Ciudad de Berazategui 2007"]
[Site "Berazategui ARG"]
[Date "2007.04.18"]
[Round "1.3"]
[White "Balzano, Ivan"]
[Black "Flores, Diego"]
[Result "0-1"]
[WhiteElo "2047"]
[BlackElo "2543"]
[PlyCount "62"]
[EventDate "2007.04.18"]
[EventType "swiss"]
[EventRounds "7"]
[EventCountry "ARG"]
[Source "lmi"]
[SourceDate "2007.04.19"]

1. e4 c5 2. Nf3 e6 3. d4 cxd4 4. Nxd4 a6 5. g3 b5 6. Bg2 Bb7 7. O-O Qc7 8. a4
b4 9. c3 Nf6 10. Re1 h5 11. Bg5 Nc6 12. e5 Ng4 13. Nxc6 Bxc6 14. Bxc6 Qxc6 15.
h3 Bc5 16. hxg4 hxg4 17. Bh4 g5 18. cxb4 gxh4 19. bxc5 hxg3 20. fxg3 Rh1+ 21.
Kf2 Qxc5+ 22. Kg2 Qc6+ 23. Kf2 Qb6+ 24. Kg2 Qb7+ 25. Kf2 Qxb2+ 26. Nd2 Rh2+ 27.
Ke3 Qc3+ 28. Kf4 Rxd2 29. Qxg4 Rd4+ 30. Re4 Qd2+ 31. Kf3 Rd3+ 0-1

[Event "Torneo Ciudad de Berazategui 2007"]
[Site "Berazategui ARG"]
[Date "2007.04.18"]
[Round "1.4"]
[White "Ricardi, Pablo"]
[Black "Lovece, Ruth"]
[Result "1-0"]
[WhiteElo "2523"]
[BlackElo "2033"]
[PlyCount "49"]
[EventDate "2007.04.18"]
[EventType "swiss"]
[EventRounds "7"]
[EventCountry "ARG"]
[Source "lmi"]
[SourceDate "2007.04.19"]

1. e4 c5 2. Nf3 d6 3. d4 cxd4 4. Nxd4 Nf6 5. Nc3 Nc6 6. Bc4 e6 7. Be3 Be7 8.
Qe2 a6 9. O-O-O Qc7 10. Bb3 O-O 11. g4 Na5 12. g5 Nxb3+ 13. axb3 Nd7 14. Rhg1
b5 15. Rg3 Bb7 16. Nd5 exd5 17. Nf5 Rfe8 18. Bd4 Bf8 19. Qh5 Ne5 20. Rh3 h6 21.
Rg1 dxe4 22. Nxh6+ gxh6 23. gxh6+ Kh7 24. Rg7+ Kh8 25. Qf5 1-0

[Event "Torneo Ciudad de Berazategui 2007"]
[Site "Berazategui ARG"]
[Date "2007.04.18"]
[Round "1.6"]
[White "Real De Azua, Ernesto"]
[Black "Piazza, Pablo"]
[Result "1-0"]
[WhiteElo "2450"]
[BlackElo "1973"]
[PlyCount "67"]
[EventDate "2007.04.18"]
[EventType "swiss"]
[EventRounds "7"]
[EventCountry "ARG"]
[Source "lmi"]
[SourceDate "2007.04.19"]

1. e4 c5 2. Nf3 d6 3. d4 cxd4 4. Nxd4 Nf6 5. Nc3 a6 6. Be3 Ng4 7. Bg5 h6 8. Bh4
g5 9. Bg3 Bg7 10. Be2 h5 11. Bxg4 hxg4 12. O-O e6 13. Re1 Nc6 14. Re3 Ne5 15.
b3 Qc7 16. Qd2 b5 17. Rd1 Bb7 18. Ndxb5 axb5 19. Nxb5 Qb6 20. Nxd6+ Ke7 21.
Nxb7 Ra6 22. Rc3 Qxb7 23. Bxe5 Bxe5 24. Qxg5+ Bf6 25. Qc5+ Ke8 26. e5 Bg7 27.
Rc4 Rh5 28. Rb4 Rc6 29. Qa5 Qc8 30. Rbd4 Rc7 31. Qb5+ Ke7 32. Qb4+ Ke8 33. Rxg4
Rh7 34. Qe4 1-0

[Event "Torneo Ciudad de Berazategui 2007"]
[Site "Berazategui ARG"]
[Date "2007.04.18"]
[Round "1.7"]
[White "Gomez, Ruben A"]
[Black "Lafuente, Pablo"]
[Result "0-1"]
[WhiteElo "1958"]
[BlackElo "2447"]
[PlyCount "36"]
[EventDate "2007.04.18"]
[EventType "swiss"]
[EventRounds "7"]
[EventCountry "ARG"]
[Source "lmi"]
[SourceDate "2007.04.19"]

1. d4 Nf6 2. c4 e6 3. Nc3 Bb4 4. Qc2 O-O 5. Nf3 d5 6. a3 Bxc3+ 7. Qxc3 dxc4 8.
Qxc4 b6 9. b4 Bb7 10. Bb2 Nbd7 11. g4 Rc8 12. g5 Ne4 13. h4 c5 14. Bh3 Bd5 15.
Qc1 cxb4 16. Qf4 Rc2 17. Rb1 b3 18. Nh2 Nd2 0-1

[Event "Torneo Ciudad de Berazategui 2007"]
[Site "Berazategui ARG"]
[Date "2007.04.18"]
[Round "1.8"]
[White "Mahia, Gustavo"]
[Black "Rojo Lynch, Enrique"]
[Result "1-0"]
[WhiteElo "2414"]
[BlackElo "1951"]
[PlyCount "81"]
[EventDate "2007.04.18"]
[EventType "swiss"]
[EventRounds "7"]
[EventCountry "ARG"]
[Source "lmi"]
[SourceDate "2007.04.19"]

1. d4 Nf6 2. c4 g6 3. Nc3 Bg7 4. e4 d6 5. f3 O-O 6. Be3 e5 7. Nge2 c6 8. Qd2
Nbd7 9. O-O-O a6 10. Kb1 b5 11. Nc1 Nh5 12. Nb3 bxc4 13. Bxc4 Nb6 14. Be2 Be6
15. dxe5 Bxe5 16. g4 Ng7 17. f4 Bf6 18. Na5 Ne8 19. e5 Bg7 20. Ka1 Rc8 21. Bf3
Nc4 22. Nxc4 Bxc4 23. exd6 Qa5 24. Bd4 Rd8 25. Bxg7 Rxd6 26. Qe3 Rxd1+ 27. Rxd1
Nxg7 28. Bxc6 Rd8 29. Rxd8+ Qxd8 30. b3 Be6 31. Bf3 f5 32. g5 Qd6 33. Kb2 Ne8
34. h4 Nc7 35. h5 Bf7 36. h6 Ne6 37. Nd5 Kf8 38. Qc3 Qc5 39. b4 Qf2+ 40. Ka3
Nd4 41. Qc5+ 1-0

[Event "Torneo Ciudad de Berazategui 2007"]
[Site "Berazategui ARG"]
[Date "2007.04.18"]
[Round "1.9"]
[White "Adorno, Anibal"]
[Black "Lemos, Damian"]
[Result "0-1"]
[WhiteElo "1942"]
[BlackElo "2422"]
[PlyCount "46"]
[EventDate "2007.04.18"]
[EventType "swiss"]
[EventRounds "7"]
[EventCountry "ARG"]
[Source "lmi"]
[SourceDate "2007.04.19"]

1. e4 c5 2. Nf3 Nc6 3. d4 cxd4 4. Nxd4 Nf6 5. Nc3 d6 6. Be2 e5 7. Nb3 Be7 8.
O-O O-O 9. Be3 a5 10. a4 Nb4 11. f3 Be6 12. Nd2 Rc8 13. Rc1 d5 14. exd5 Nfxd5
15. Nxd5 Nxd5 16. Bf2 Bg5 17. Ne4 Bxc1 18. Qxc1 f5 19. Nc5 Nf4 20. Nxe6 Nxe2+
21. Kh1 Nxc1 22. Nxd8 Rfxd8 23. Rxc1 Rd2 0-1

[Event "Torneo Ciudad de Berazategui 2007"]
[Site "Berazategui ARG"]
[Date "2007.04.18"]
[Round "1.10"]
[White "Mareco, Sandro"]
[Black "De Urquiza, Sebastian"]
[Result "1-0"]
[WhiteElo "2418"]
[BlackElo "1921"]
[PlyCount "29"]
[EventDate "2007.04.18"]
[EventType "swiss"]
[EventRounds "7"]
[EventCountry "ARG"]
[Source "lmi"]
[SourceDate "2007.04.19"]

1. d4 f5 2. c4 Nf6 3. Nc3 e6 4. g3 Be7 5. Bg2 d6 6. Nf3 Nc6 7. d5 exd5 8. cxd5
Ne5 9. Nd4 Bd7 10. f4 Nc4 11. Qc2 Nb6 12. Nxf5 c6 13. dxc6 Bxc6 14. Bxc6+ bxc6
15. Nxg7+ 1-0

[Event "Torneo Ciudad de Berazategui 2007"]
[Site "Berazategui ARG"]
[Date "2007.04.19"]
[Round "2.2"]
[White "Della Morte, Pablo"]
[Black "Rodriguez Vila, Andres"]
[Result "0-1"]
[WhiteElo "2302"]
[BlackElo "2559"]
[PlyCount "67"]
[EventDate "2007.04.18"]
[EventType "swiss"]
[EventRounds "7"]
[EventCountry "ARG"]
[Source "lmi"]
[SourceDate "2007.04.19"]

1. e4 e6 2. d4 d5 3. exd5 exd5 4. Nf3 Nc6 5. Bd3 Bg4 6. Be3 Bd6 7. h3 Bh5 8.
Nbd2 Qd7 9. c4 dxc4 10. Bxc4 Nge7 11. O-O f5 12. d5 Na5 13. Qe2 Nxc4 14. Nxc4
O-O 15. Rad1 Rae8 16. Nxd6 Qxd6 17. Qc4 Bxf3 18. gxf3 Kh8 19. Bf4 Qg6+ 20. Kh2
Qh5 21. Bxc7 Ng6 22. Qc3 Re2 23. f4 Rf7 24. Rd3 h6 25. Rg3 Kh7 26. Bb8 Rd7 27.
Qd4 Nh4 28. Qd3 Rxb2 29. Be5 Rxa2 30. d6 Qe2 31. Qxe2 Rxe2 32. Rc3 a5 33. Ra3
b6 34. Rb3 0-1

[Event "Torneo Ciudad de Berazategui 2007"]
[Site "Berazategui ARG"]
[Date "2007.04.19"]
[Round "2.3"]
[White "Flores, Diego"]
[Black "Barrionuevo, Pablo"]
[Result "1-0"]
[WhiteElo "2543"]
[BlackElo "2301"]
[PlyCount "55"]
[EventDate "2007.04.18"]
[EventType "swiss"]
[EventRounds "7"]
[EventCountry "ARG"]
[Source "lmi"]
[SourceDate "2007.04.19"]

1. c4 Nf6 2. Nc3 d5 3. cxd5 Nxd5 4. g3 g6 5. Bg2 Nxc3 6. bxc3 Bg7 7. Rb1 Nd7 8.
h4 h6 9. Nf3 O-O 10. O-O Nb6 11. Qc2 Bd7 12. d4 Ba4 13. Qd3 Qd5 14. Bf4 c6 15.
c4 Qxc4 16. Qxc4 Nxc4 17. Rxb7 Rfe8 18. Rc1 Bb5 19. a4 Na5 20. axb5 Nxb7 21.
bxc6 Nd6 22. Bxd6 exd6 23. e3 Re7 24. Nd2 Rc7 25. Ne4 Rd8 26. Nc3 Kf8 27. Nb5
Re7 28. c7 1-0

[Event "Torneo Ciudad de Berazategui 2007"]
[Site "Berazategui ARG"]
[Date "2007.04.19"]
[Round "2.6"]
[White "Blit, Jacques"]
[Black "Real De Azua, Ernesto"]
[Result "1-0"]
[WhiteElo "2256"]
[BlackElo "2450"]
[PlyCount "89"]
[EventDate "2007.04.18"]
[EventType "swiss"]
[EventRounds "7"]
[EventCountry "ARG"]
[Source "lmi"]
[SourceDate "2007.04.19"]

1. e4 c5 2. d3 Nc6 3. Be3 g6 4. c3 d6 5. f4 Bg7 6. Nf3 Nf6 7. Nbd2 O-O 8. h3
Nh5 9. g4 Ng3 10. Rg1 Nxf1 11. Nxf1 b5 12. d4 b4 13. cxb4 Nxb4 14. a3 Nc6 15.
b4 cxd4 16. Nxd4 Nxd4 17. Bxd4 e5 18. fxe5 dxe5 19. Bc5 Qh4+ 20. Rg3 Rd8 21.
Qe2 Bb7 22. Kf2 Bh6 23. Kg1 Bf4 24. Rc3 Qg5 25. Bf2 Rac8 26. Rxc8 Rxc8 27. Rd1
h5 28. Rd7 hxg4 29. h4 Qh5 30. Qa2 g5 31. Rxb7 gxh4 32. Bxh4 Rc1 33. Kg2 Qg6
34. Qd5 Rc2+ 35. Kg1 g3 36. Qd8+ Kg7 37. Rb8 Rg2+ 38. Kxg2 Qxe4+ 39. Kg1 Be3+
40. Nxe3 Qxe3+ 41. Kg2 Qf2+ 42. Kh3 Qf1+ 43. Kxg3 Qf4+ 44. Kg2 Qg4+ 45. Kf2 1-0

[Event "Torneo Ciudad de Berazategui 2007"]
[Site "Berazategui ARG"]
[Date "2007.04.19"]
[Round "2.7"]
[White "Lafuente, Pablo"]
[Black "Cruz Sanchez, Jonathan"]
[Result "1/2-1/2"]
[WhiteElo "2447"]
[BlackElo "2238"]
[PlyCount "93"]
[EventDate "2007.04.18"]
[EventType "swiss"]
[EventRounds "7"]
[EventCountry "ARG"]
[Source "lmi"]
[SourceDate "2007.04.19"]

1. d4 Nf6 2. c4 e6 3. Nc3 Bb4 4. Qc2 O-O 5. a3 Bxc3+ 6. Qxc3 d6 7. Bg5 Nbd7 8.
e3 b6 9. Ne2 c5 10. Qc2 Qc7 11. Rd1 cxd4 12. Rxd4 Qc5 13. Bh4 Ba6 14. Nc3 e5
15. Rd1 Rfc8 16. Qd2 Bxc4 17. Qxd6 Bxf1 18. Rxf1 Qc4 19. Bxf6 Nxf6 20. Qxe5 Qb3
21. Rd2 h6 22. f3 Re8 23. Qd4 Rxe3+ 24. Qxe3 Re8 25. Qxe8+ Nxe8 26. Rd8 Qe6+
27. Kf2 Qe7 28. Rfd1 Kh7 29. R8d7 Qc5+ 30. Kf1 a6 31. R7d5 Qc4+ 32. Kg1 Nf6 33.
R5d4 Qb3 34. R1d2 Qe6 35. Ne4 Nh5 36. Kf2 Qe5 37. g3 f5 38. Nc3 Nf6 39. Ne2 a5
40. Nf4 b5 41. Nd5 Nd7 42. Ne3 Nb6 43. Rf4 g6 44. Rfd4 Qc5 45. b4 axb4 46. axb4
Qc6 47. Rc2 1/2-1/2

[Event "Torneo Ciudad de Berazategui 2007"]
[Site "Berazategui ARG"]
[Date "2007.04.19"]
[Round "2.8"]
[White "Liascovich, Lucas"]
[Black "Mayorga, Nicolas"]
[Result "0-1"]
[WhiteElo "2425"]
[BlackElo "2252"]
[PlyCount "96"]
[EventDate "2007.04.18"]
[EventType "swiss"]
[EventRounds "7"]
[EventCountry "ARG"]
[Source "lmi"]
[SourceDate "2007.04.19"]

1. d4 Nf6 2. c4 c5 3. d5 b5 4. Nf3 g6 5. Qc2 bxc4 6. e4 Bg7 7. Bxc4 d6 8. O-O
O-O 9. h3 Nbd7 10. a4 a5 11. Na3 Nb6 12. Bb5 Ne8 13. Bd2 Nc7 14. Bc6 Ra6 15.
Nb5 e6 16. Bc3 exd5 17. Bxg7 Kxg7 18. Nxc7 Qxc7 19. exd5 Bb7 20. Qc3+ Kg8 21.
Qd3 Bxc6 22. dxc6 c4 23. Qe4 d5 24. Qh4 Qxc6 25. Rfe1 Nd7 26. Re7 Nf6 27. Ng5
Rb6 28. Qh6 Qc5 29. Re3 Rfb8 30. Rae1 Qf8 31. Qh4 h6 32. Nf3 Ne4 33. Nd4 Qg7
34. Nb5 Qxb2 35. f3 g5 36. Qg4 Qf2+ 37. Kh2 Nd2 38. Re8+ Kg7 39. R8e7 Rf8 40.
Kh1 Ne4 41. Rg1 h5 42. Qd7 Ng3+ 43. Kh2 Rf6 44. Qc7 Nf1+ 45. Kh1 Ng3+ 46. Kh2
h4 47. Qe5 Kg8 48. Re1 Rb8 0-1

[Event "Torneo Ciudad de Berazategui 2007"]
[Site "Berazategui ARG"]
[Date "2007.04.19"]
[Round "2.9"]
[White "Cori Tello, Jorge"]
[Black "Mahia, Gustavo"]
[Result "0-1"]
[WhiteElo "2219"]
[BlackElo "2414"]
[PlyCount "106"]
[EventDate "2007.04.18"]
[EventType "swiss"]
[EventRounds "7"]
[EventCountry "ARG"]
[Source "lmi"]
[SourceDate "2007.04.19"]

1. e4 e5 2. Nf3 Nc6 3. Bc4 Nf6 4. Nc3 Bc5 5. d3 d6 6. Bg5 h6 7. Bh4 g5 8. Bg3
Be6 9. Bxe6 fxe6 10. Na4 Bb6 11. Nxb6 axb6 12. c3 Qe7 13. Qb3 O-O 14. O-O-O b5
15. a3 Ra5 16. Rhe1 Nd7 17. h4 g4 18. Nh2 Nf6 19. Qc2 Kh8 20. Rf1 Raa8 21. Rde1
Na5 22. b4 Nc6 23. Kb2 Qg7 24. Qd2 Rf7 25. f4 Nh5 26. Qe3 exf4 27. Bxf4 Nxf4
28. Rxf4 Rxf4 29. Qxf4 Ne5 30. Qe3 Rf8 31. Rf1 Rxf1 32. Nxf1 Qf6 33. Nd2 Qxh4
34. Kc2 Kg7 35. c4 bxc4 36. Nxc4 Nxc4 37. dxc4 Qh2 38. Qd4+ Kg6 39. Qf2 Qe5 40.
Kd3 c5 41. bxc5 dxc5 42. a4 b6 43. Qe3 Qb2 44. Qf4 Qxg2 45. Qd6 Qf3+ 46. Kd2
Qxe4 47. Qxb6 Qd4+ 48. Ke1 Qe3+ 49. Kd1 g3 50. Qb8 Qd4+ 51. Ke1 Qf2+ 52. Kd1
Qd4+ 53. Ke1 Qe4+ 0-1

[Event "Torneo Ciudad de Berazategui 2007"]
[Site "Berazategui ARG"]
[Date "2007.04.19"]
[Round "2.10"]
[White "Lemos, Damian"]
[Black "Fernandez Sanchez, Fernando"]
[Result "1-0"]
[WhiteElo "2422"]
[BlackElo "2207"]
[PlyCount "65"]
[EventDate "2007.04.18"]
[EventType "swiss"]
[EventRounds "7"]
[EventCountry "ARG"]
[Source "lmi"]
[SourceDate "2007.04.19"]

1. d4 Nf6 2. Nf3 g6 3. g3 Bg7 4. Bg2 O-O 5. O-O d6 6. c4 Nc6 7. d5 Na5 8. Qa4
c5 9. Bd2 b6 10. Bc3 Bd7 11. Qc2 Bf5 12. Qc1 Rb8 13. Nbd2 Qd7 14. Re1 Bh3 15.
e4 Bxg2 16. Kxg2 e5 17. dxe6 Qxe6 18. b3 Nd7 19. Nf1 Ne5 20. Nxe5 Bxe5 21. f3
Nc6 22. Ne3 h5 23. Nd5 h4 24. Qh6 Bxc3 25. Nxc3 Nd4 26. Rf1 h3+ 27. Kh1 a6 28.
Nd5 b5 29. g4 Rb7 30. g5 f5 31. Nf4 Qd7 32. Nxg6 Re8 33. Qh8+ 1-0

[Event "Torneo Ciudad de Berazategui 2007"]
[Site "Berazategui ARG"]
[Date "2007.04.20"]
[Round "3.2"]
[White "Rodriguez Vila, Andres"]
[Black "Pacheco Vivanco, Marco"]
[Result "1-0"]
[WhiteElo "2559"]
[BlackElo "2364"]
[PlyCount "165"]
[EventDate "2007.04.18"]
[EventType "swiss"]
[EventRounds "7"]
[EventCountry "ARG"]
[Source "lmi"]
[SourceDate "2007.04.19"]

1. f4 d5 2. Nf3 g6 3. g3 Bg7 4. Bg2 Nf6 5. O-O O-O 6. d3 c5 7. Qe1 Nc6 8. h3 d4
9. c4 h5 10. Na3 Be6 11. Bd2 a5 12. Nc2 Qd7 13. Kh2 b6 14. a3 a4 15. Rb1 Ra6
16. b3 axb3 17. Rxb3 Nh7 18. Qf2 Bf6 19. Rfb1 Qc7 20. Nh4 Bxh4 21. gxh4 Rd8 22.
Qg3 Bf5 23. Rg1 e6 24. Bf3 Kf8 25. Qg2 Rd6 26. Ne1 Ke8 27. Be4 Nf6 28. Bxc6+
Qxc6 29. Nf3 Ng8 30. Qf2 f6 31. Re1 Qd7 32. Bc1 Ne7 33. Qg2 Kf7 34. Nd2 Qc6 35.
Nf3 Qd7 36. Bb2 Nc6 37. Nd2 Na5 38. Rb5 Qc6 39. Qg3 Ra8 40. Nf3 Ra6 41. e4 dxe3
42. Bxf6 Kxf6 43. Qg5+ Kf7 44. Ne5+ Ke8 45. Nxc6 Nxc6 46. Rxe3 Nd4 47. Rb2 Kd7
48. Qf6 Kc7 49. Qg7+ Rd7 50. Qe5+ Rd6 51. Ra2 Nc6 52. Qg7+ Rd7 53. Qc3 Rd4 54.
Rf2 Ra8 55. Qb3 Rd6 56. Rb2 Nd4 57. Qc3 Ra4 58. Rg2 Rd8 59. Reg3 Rda8 60. Ra2
Rd8 61. Qe1 Nc6 62. Qg1 Ne7 63. Qa1 Rd4 64. Rag2 Ra7 65. a4 Ra5 66. Qa3 Rxf4
67. Rb2 Rd4 68. Qb3 Rd6 69. Qd1 Nc6 70. Rb5 Ra8 71. Rb2 Ne5 72. Rd2 Rd4 73. Qe2
Nc6 74. Ra2 Ra5 75. Ra3 Ra8 76. Qg2 Rad8 77. Rxg6 Bxg6 78. Qxg6 e5 79. a5 bxa5
80. Qxh5 e4 81. Qxc5 Rxd3 82. Rxa5 Rd2+ 83. Kg3 1-0

[Event "Torneo Ciudad de Berazategui 2007"]
[Site "Berazategui ARG"]
[Date "2007.04.20"]
[Round "3.4"]
[White "Ricardi, Pablo"]
[Black "Goldwaser, Cristian"]
[Result "1/2-1/2"]
[WhiteElo "2523"]
[BlackElo "2350"]
[PlyCount "53"]
[EventDate "2007.04.18"]
[EventType "swiss"]
[EventRounds "7"]
[EventCountry "ARG"]
[Source "lmi"]
[SourceDate "2007.04.19"]

1. e4 e6 2. d4 d5 3. Nc3 Bb4 4. e5 c5 5. a3 Bxc3+ 6. bxc3 Nc6 7. Nf3 Qa5 8. Bd2
c4 9. a4 Bd7 10. g3 O-O-O 11. Bh3 f6 12. O-O h6 13. Nh4 g5 14. Ng6 Rh7 15. exf6
Nxf6 16. Qe1 Ne4 17. f3 Nxd2 18. Qxd2 e5 19. Bxd7+ Rhxd7 20. Nxe5 Nxe5 21. dxe5
d4 22. e6 Re7 23. Rfe1 dxc3 24. Qe2 Qa6 25. Qe3 Rd6 26. Qxc3 Rdxe6 27. Rxe6
1/2-1/2

[Event "Torneo Ciudad de Berazategui 2007"]
[Site "Berazategui ARG"]
[Date "2007.04.20"]
[Round "3.6"]
[White "Filgueira, Hernan"]
[Black "Lemos, Damian"]
[Result "1/2-1/2"]
[WhiteElo "2341"]
[BlackElo "2422"]
[PlyCount "47"]
[EventDate "2007.04.18"]
[EventType "swiss"]
[EventRounds "7"]
[EventCountry "ARG"]
[Source "lmi"]
[SourceDate "2007.04.19"]

1. Nf3 Nf6 2. g3 g6 3. Bg2 Bg7 4. O-O O-O 5. d4 d5 6. Nbd2 c6 7. c4 a5 8. b3
Na6 9. Bb2 Bf5 10. Ne5 Nd7 11. Nef3 a4 12. Ba3 b5 13. cxb5 cxb5 14. bxa4 b4 15.
Bb2 Nac5 16. a3 Nxa4 17. Qb3 Nxb2 18. Qxb2 bxa3 19. Rxa3 Rc8 20. Rc3 Qa5 21.
Rxc8 Rxc8 22. Rc1 Rb8 23. Qa1 Qxa1 24. Rxa1 1/2-1/2

[Event "Torneo Ciudad de Berazategui 2007"]
[Site "Berazategui ARG"]
[Date "2007.04.20"]
[Round "3.7"]
[White "Mussanti, Diego"]
[Black "Alonso, Salvador"]
[Result "1-0"]
[WhiteElo "2317"]
[BlackElo "2411"]
[PlyCount "81"]
[EventDate "2007.04.18"]
[EventType "swiss"]
[EventRounds "7"]
[EventCountry "ARG"]
[Source "lmi"]
[SourceDate "2007.04.19"]

1. e4 c5 2. Nf3 Nc6 3. d4 cxd4 4. Nxd4 g6 5. Nc3 Bg7 6. Be3 Nf6 7. Bc4 O-O 8.
Bb3 d6 9. f3 Bd7 10. Qd2 Nxd4 11. Bxd4 b5 12. a4 bxa4 13. Bxa4 e5 14. Be3 Be6
15. O-O Rb8 16. b3 a5 17. Bc6 Qc7 18. Nd5 Bxd5 19. exd5 Rb4 20. Ra3 e4 21. c3
Rbb8 22. b4 axb4 23. cxb4 exf3 24. gxf3 Qc8 25. Ra7 Re8 26. Bxe8 Qxe8 27. Bf2
Nd7 28. Bg3 Ne5 29. Bxe5 Qxe5 30. Kh1 Qf5 31. Qe2 Qxd5 32. Rd1 Qb3 33. Rxd6 Bf8
34. Rdd7 Rxb4 35. Ra8 Qb1+ 36. Rd1 Qf5 37. Qe3 Qh3 38. Qc3 Rh4 39. Rxf8+ Kxf8
40. Qh8+ Ke7 41. Qd8+ 1-0

[Event "Torneo Ciudad de Berazategui 2007"]
[Site "Berazategui ARG"]
[Date "2007.04.21"]
[Round "4.1"]
[White "Hungaski, Robert Andrew"]
[Black "Rodriguez Vila, Andres"]
[Result "0-1"]
[WhiteElo "2379"]
[BlackElo "2559"]
[PlyCount "86"]
[EventDate "2007.04.18"]
[EventType "swiss"]
[EventRounds "7"]
[EventCountry "ARG"]
[Source "lmi"]
[SourceDate "2007.04.19"]

1. Nf3 f5 2. d4 Nf6 3. g3 d6 4. Bg2 g6 5. c3 Bg7 6. Qb3 Nc6 7. Nbd2 e6 8. O-O
O-O 9. Re1 d5 10. Ne5 Nxe5 11. dxe5 Nd7 12. f4 Rf7 13. c4 Nc5 14. Qc2 Bf8 15.
Nb3 Ne4 16. Be3 b6 17. Red1 Bb7 18. c5 Qe8 19. Rac1 Ba6 20. c6 Rg7 21. Bd4 g5
22. e3 h5 23. Nd2 h4 24. Nxe4 dxe4 25. gxh4 gxh4 26. Kh1 Qh5 27. Qf2 Be7 28.
Bf1 Bxf1 29. Rxf1 h3 30. Rg1 Bh4 31. Rxg7+ Kxg7 32. Qf1 Qf3+ 33. Qxf3 exf3 34.
Kg1 Kh6 35. Rc2 Rg8+ 36. Kf1 f2 37. Rxf2 Bxf2 38. Kxf2 Rg2+ 39. Kf3 Kh5 40. Bc3
Rxh2 41. Kg3 Re2 42. Kxh3 Rxe3+ 43. Kg2 Rxc3 0-1

[Event "Torneo Ciudad de Berazategui 2007"]
[Site "Berazategui ARG"]
[Date "2007.04.21"]
[Round "4.2"]
[White "Flores, Diego"]
[Black "Mussanti, Diego"]
[Result "1-0"]
[WhiteElo "2543"]
[BlackElo "2317"]
[PlyCount "49"]
[EventDate "2007.04.18"]
[EventType "swiss"]
[EventRounds "7"]
[EventCountry "ARG"]
[Source "lmi"]
[SourceDate "2007.04.19"]

1. c4 e6 2. Nc3 d5 3. d4 Nf6 4. cxd5 exd5 5. Bg5 Be7 6. e3 O-O 7. Qc2 Nbd7 8.
Bd3 c6 9. Nf3 Re8 10. O-O-O Nf8 11. Ne5 Be6 12. Kb1 Rc8 13. f3 Ne4 14. fxe4
Bxg5 15. Qf2 Nd7 16. Nf3 Bh6 17. e5 f6 18. Qc2 fxe5 19. Bxh7+ Kh8 20. dxe5 Bxe3
21. h4 Nf8 22. Ng5 Qd7 23. Ka1 Bg4 24. Rdf1 Bh5 25. Bf5 1-0

[Event "Torneo Ciudad de Berazategui 2007"]
[Site "Berazategui ARG"]
[Date "2007.04.21"]
[Round "4.4"]
[White "Iermito, Sebastian"]
[Black "Ricardi, Pablo"]
[Result "0-1"]
[WhiteElo "2316"]
[BlackElo "2523"]
[PlyCount "52"]
[EventDate "2007.04.18"]
[EventType "swiss"]
[EventRounds "7"]
[EventCountry "ARG"]
[Source "lmi"]
[SourceDate "2007.04.19"]

1. d4 Nf6 2. c4 e6 3. Nf3 b6 4. g3 Bb7 5. Bg2 Bb4+ 6. Bd2 Bxd2+ 7. Qxd2 O-O 8.
Nc3 Ne4 9. Qc2 Nxc3 10. Qxc3 d6 11. O-O Nd7 12. Rad1 Qe7 13. Rfe1 f5 14. Nh4
Bxg2 15. Nxg2 Nf6 16. f3 c5 17. e4 fxe4 18. fxe4 cxd4 19. Qxd4 Rad8 20. Nf4 Ng4
21. Nd3 e5 22. Qc3 Rf3 23. Rf1 Qf7 24. Qd2 Rxf1+ 25. Rxf1 Qxc4 26. Qe2 Nf6 0-1

[Event "Torneo Ciudad de Berazategui 2007"]
[Site "Berazategui ARG"]
[Date "2007.04.21"]
[Round "4.8"]
[White "Lemos, Damian"]
[Black "Tristan, Leonardo"]
[Result "1-0"]
[WhiteElo "2422"]
[BlackElo "2372"]
[PlyCount "62"]
[EventDate "2007.04.18"]
[EventType "swiss"]
[EventRounds "7"]
[EventCountry "ARG"]
[Source "lmi"]
[SourceDate "2007.04.19"]

1. d4 g6 2. c4 Bg7 3. Nc3 f5 4. g3 Nf6 5. Bg2 O-O 6. Nh3 d6 7. d5 Na6 8. Nf4
Nc5 9. O-O e5 10. dxe6 c6 11. Qc2 Nxe6 12. Rd1 Qe7 13. Rb1 Rd8 14. b3 Nxf4 15.
Bxf4 Be6 16. Qc1 d5 17. cxd5 Nxd5 18. Nxd5 Bxd5 19. Bg5 Bf6 20. Bxf6 Qxf6 21.
Bxd5+ cxd5 22. Qc7 Qf7 23. Rbc1 Rd7 24. Qc5 b6 25. Qc6 Rad8 26. Rd4 Qe7 27. e3
Kg7 28. h4 h6 29. Kg2 Qe5 30. h5 Rd6 31. Qb5 Re6 1-0

[Event "Torneo Ciudad de Berazategui 2007"]
[Site "Berazategui ARG"]
[Date "2007.04.21"]
[Round "4.9"]
[White "Liascovich, Lucas"]
[Black "Filgueira, Hernan"]
[Result "1/2-1/2"]
[WhiteElo "2425"]
[BlackElo "2341"]
[PlyCount "28"]
[EventDate "2007.04.18"]
[EventType "swiss"]
[EventRounds "7"]
[EventCountry "ARG"]
[Source "lmi"]
[SourceDate "2007.04.19"]

1. d4 Nf6 2. c4 e6 3. Nf3 b6 4. g3 Bb7 5. Bg2 Bb4+ 6. Bd2 Be7 7. Nc3 O-O 8. O-O
Na6 9. Ne5 Bxg2 10. Kxg2 Qc8 11. e3 Qb7+ 12. Qf3 Rfb8 13. a3 Qxf3+ 14. Kxf3 c6
1/2-1/2